| 000 | 00883nam a2200217 i 4500 | ||
|---|---|---|---|
| 001 | 144768 | ||
| 003 | ES-MaACL | ||
| 005 | 20230906201108.0 | ||
| 007 | t| | ||
| 008 | 070214m19741977sp re ||||1| spa d | ||
| 020 | _a84-03-18996-6 | ||
| 080 | _a3(03) | ||
| 245 | 0 | 0 |
_aEnciclopedia internacional de las ciencias sociales / _cdirigida por David L. Sills ; edición española, director Vicente Cervera Tomás. |
| 260 |
_aMadrid : _bAguilar, _c1974-1977. |
||
| 300 |
_a11 v. : _bil. ; _c29 cm. |
||
| 505 | 8 | _aContiene: 1. Aben a Bine - 2. Bing a Conf - 3. Conf a Dram - 4. Drog a Fish - 5. Fish a Infe - 6. Infl a Mate - 7. Mate a Pens - 8. Perc a Psic - 9. Psic a Soci - 10. Soci a Zoos - 11. Índice | |
| 650 | 4 |
_aCiencias sociales- _vEnciclopedias. _9170685 |
|
| 700 | 1 |
_aSills, David L. _9106353 |
|
| 700 | 1 |
_aCervera Tomás, Vicente. _937645 |
|
| 852 | 4 |
_aES-MaACL _jL-4221-31 |
|
| 999 |
_c144768 _d144768 |
||